000
00259nam a2200109Ia 4500
008
230312s9999||||xx |||||||||||||| ||und||
082
_a
659.111
_b
BAR-A
100
_a
Baron b. roger
245
0
_a
Advertising media planning
650
_a
Management
942
_c
BK
999
_c
14703
_d
14703